|
|
|
|
| LEADER |
00780nab a2200157 i 4500 |
| 001 |
univ55562 |
| 005 |
20201012124809.0 |
| 008 |
201012s2020 hu o 0|| zxx d |
| 040 |
|
|
|a SZTE UnivHistória Repozitórium
|b hun
|
| 041 |
|
|
|a zxx
|
| 245 |
0 |
0 |
|a Így áll a magyar Alzheimer-kutatás
|h [elektronikus dokumentum]
|
| 260 |
|
|
|c 2020-10-10
|
| 490 |
0 |
|
|a Weborvos.hu
|
| 561 |
|
|
|a Egyetemi hirarchívum
|
| 695 |
|
|
|a Fülöp Lívia - egyetemi docens - csoportvezető - vegyész, Neurodegeneratív Betegségek Kutatócsoport, Orvosi Vegytani Intézet, Általános Orvostudományi Kar, Betegellátás - neurodegeneratív betegségek - Alzheimer-kór
|
| 856 |
4 |
0 |
|u http://univ.bibl.u-szeged.hu/55562/1/%C3%8Dgy%20%C3%A1ll%20a%20magyar%20Alzheimer-kutat%C3%A1s%20_%20Weborvos.hu.pdf
|z Dokumentum-elérés
|